El tétanos en Canarias / (Record no. 35354)

MARC details
000 -LEADER
campo de control de longitud fija 00713nam a2200205 i 4500
001 - NÚMERO DE CONTROL
campo de control 35354
003 - IDENTIFICADOR DE NÚMERO DE CONTROL
campo de control ES-MaACL
005 - FECHA Y HORA DE LA ÚLTIMA TRANSACCIÓN
campo de control 20230911063133.0
007 - CAMPO FIJO DE DESCRIPCIÓN FÍSICA--INFORMACIÓN GENERAL
campo de control de longitud fija t|
008 - DATOS DE LONGITUD FIJA--INFORMACIÓN GENERAL
campo de control de longitud fija 030212s1964 sp ||||1| spa d
100 1# - ENTRADA PRINCIPAL--NOMBRE DE PERSONA
Nombre de persona Bosch Millares, Juan,
Fechas asociadas al nombre 1893-1983
9 (RLIN) 30662
245 13 - MENCIÓN DEL TÍTULO
Título El tétanos en Canarias /
Mención de responsabilidad, etc. J. Bosch Millares y J. Bosch Millares.
260 ## - PUBLICACIÓN, DISTRIBUCIÓN, ETC.
Lugar de publicación, distribución, etc. [Gran Canaria] :
Nombre del editor, distribuidor, etc. El Museo Canario,
Fecha de publicación, distribución, etc. 1964.
300 ## - DESCRIPCIÓN FÍSICA
Extensión 63 p., 1 lám. :
Otras características físicas 3 gráf. ;
Dimensiones 25 cm.
500 ## - NOTA GENERAL
Nota general Es separata de: Revista El Museo Canario, año 1964, Nos 89-92. pág. 103-165.
700 1# - ENTRADA AGREGADA--NOMBRE PERSONAL
Nombre de persona Bosch Hernández, Juan.
9 (RLIN) 30658
710 2# - ENTRADA AGREGADA--NOMBRE DE ENTIDAD CORPORATIVA
Nombre de entidad corporativa o nombre de jurisdicción como elemento de entrada El Museo Canario.
9 (RLIN) 3455
852 ## - LOCALIZACIÓN
Ubicación ES-MaACL
Número de control de estantería C-29830
Sublocalización o colección R.56974
Holdings
Estatus retirado Estado de pérdida Estado de daño No para préstamo Biblioteca de origen Biblioteca actual Ubicación en estantería Fecha de adquisición Fuente de adquisición Total de préstamos Signatura topográfica completa Código de barras Visto por última vez Precio de reemplazo Tipo de ítem Koha
        Biblioteca del Ateneo de Madrid Biblioteca del Ateneo de Madrid Depósito 2 17/01/2008     C-29830 1036985 23/02/2023 23/02/2023 Libro impreso